000 01835nam a2200385 i 4500
003 DO-SdBNP
005 20250915110358.0
007 ta
008 240628s2024 dr aco 001 j spa d
020 _a9789945223040
040 _aDO-SdBNP
_bspa
_cBNPHU
_erda
041 _aspa
_deng
082 _axxx
_bP328
_222
100 1 _aPaulino Honrado, María Luisa
_eautora
_91837
_4aut.
245 1 0 _aEntre mar y luna :
_bExistential dance /
_cMaría Luisa Paulino Honrado ; ilustraciones Jhan Santos, Yda Domínguez, Rafo Castillo ; Gravado Virginia Ayress ; pinturas Eliana Hernández Custodio ; retratos Luisa Paulino ; fotos Alejandro del Mar
264 1 _aSanto Domingo :
_bBúho,
_c2024.
300 _a63, 63 páginas,
_bilustraciones, retratos, fotografías
_c20 cm.
336 _atexto
_btxt
_2rdacontent
337 _asin mediación
_bn
_2rdamedia
338 _avolumen
_bnc
_2rdacarrier
500 _aDos obras encuadernadas juntas con paginación invertida.
500 _aIncluye datos biografícos de la autora en las páginas 63 (que están invertidas), una en español y otra en ingles.
500 _aLibro en español e ingles.
520 _aEntre mar y luna es un poemario testimonial en el que la autora realiza un intento de comprender su sentir y expresar lo entendido para por medio de él invitar a otras personas a ir en búsqueda de su liberación.
590 _aInventariado, 2024/ YL
700 _aSantos, Jhan
_eilustrador
_985886
_4il.
700 _aDomínguez, Yda
_eilustraciones
_985887
700 _aCastillo, Rafo
_eilustraciones
_977188
700 _aAyress, Virginia
_eGravado
_985888
700 _aHernández Custodio, Eliana
_epinturas
_985889
700 _aPaulino, Luisa
_eretratos
_985890
700 _aMar, Alejandro del
_efotos
_985891
910 _aYLockward
942 _2ddc
_cLBS1
999 _c57065
_d57065